[Event "FIDE Open World Blitz 2021"]
[Site "Warsaw"]
[Date "2021.12.29"]
[Round "9.11"]
[White "Kobalia, Mikhail"]
[Black "Martirosyan, Haik M."]
[Result "1-0"]
[WhiteElo "2600"]
[BlackElo "2624"]
[Annotator "ChessBase"]
[PlyCount "129"]
[EventDate "2021.12.29"]
[EventType "swiss"]
[EventCountry "POL"]
[Tiebreak "Cut1 Buchholz"]
[SourceTitle "playchess.com"]
[Source "ChessBase"]
[SourceQuality "1"]

1. e4 e5 2. Nf3 Nc6 3. Bb5 Nf6 4. O-O Nxe4 5. d4 Nd6 6. Bxc6 dxc6 7. dxe5 Nf5
8. Qxd8+ Kxd8 9. Rd1+ Ke8 10. Nc3 Be7 11. Bf4 Be6 12. Ng5 Bxg5 13. Bxg5 h6 14.
Bf4 b6 15. h3 Ne7 16. a4 a5 17. Rd2 Nd5 18. Nxd5 cxd5 19. c3 c5 20. Be3 Kd7 21.
Kh2 Kc6 22. f3 h5 23. h4 Rhb8 24. Kg3 b5 25. axb5+ Rxb5 26. Kf4 Rb3 27. Rc2 a4
28. Bf2 Kb5 29. Kg5 Rh8 30. Kf4 Ra8 31. Kg5 Kc4 32. Bg1 a3 33. Rxa3 Raxa3 34.
bxa3 Rxa3 35. Kxh5 Bf5 36. Rc1 Ra2 37. g4 Bd3 38. Kg5 Be2 39. Kf4 Bd3 40. h5
Bc2 41. g5 Bd3 42. Kg3 Bf5 43. Kf4 Bd3 44. Kg3 Bf5 45. Kf4 Bd3 46. Kg3 Bf5 47.
Bf2 Re2 48. Re1 Rc2 49. Re3 d4 50. cxd4 cxd4 51. Re1 d3 52. Be3 Kc3 53. Kf4 Be6
54. Rc1 Rxc1 55. Bxc1 Kc2 56. Be3 Bc4 57. h6 gxh6 58. gxh6 d2 59. Bxd2 Bd3 60.
Bb4 Kd1 61. Kg5 Ke2 62. f4 Bh7 63. Kf6 Kf3 64. Kg7 Bf5 65. Bd2 1-0

[Event "FIDE Open World Blitz 2021"]
[Site "Warsaw"]
[Date "2021.12.29"]
[Round "9.12"]
[White "Ivic, Velimir"]
[Black "Nihal Sarin"]
[Result "1-0"]
[WhiteElo "2575"]
[BlackElo "2650"]
[Annotator "ChessBase"]
[PlyCount "69"]
[EventDate "2021.12.29"]
[EventType "swiss"]
[EventCountry "POL"]
[Tiebreak "Cut1 Buchholz"]
[SourceTitle "playchess.com"]
[Source "ChessBase"]
[SourceQuality "1"]

1. e4 Nc6 2. Nf3 d6 3. d4 Nf6 4. Nc3 g6 5. d5 Nb8 6. h3 Bg7 7. Be2 O-O 8. O-O
c6 9. a4 a5 10. Be3 Na6 11. Qd2 Nb4 12. Rfe1 Re8 13. Rad1 Qc7 14. Bf1 Bd7 15.
Bh6 Nxc2 16. Re2 Nb4 17. Bxg7 Kxg7 18. Qf4 Rad8 19. Red2 Qb6 20. Qh4 Qc5 21.
Re1 e5 22. dxe6 Rxe6 23. Rc1 Qb6 24. e5 dxe5 25. Ng5 Ree8 26. Nce4 Nh5 27. Nxf7
Kxf7 28. Nd6+ Kf8 29. Nxe8 Kxe8 30. Re1 Qc5 31. Qg5 Qe7 32. Rxe5 Be6 33. Rxe6
Qxe6 34. Qxd8+ Kf7 35. Rd7+ 1-0

[Event "FIDE Open World Blitz 2021"]
[Site "Warsaw"]
[Date "2021.12.29"]
[Round "9.12"]
[White "Janik, Igor"]
[Black "Anton Guijarro, David"]
[Result "1-0"]
[WhiteElo "2508"]
[BlackElo "2669"]
[Annotator "ChessBase"]
[PlyCount "85"]
[EventDate "2021.12.29"]
[EventType "swiss"]
[EventCountry "POL"]
[Tiebreak "Cut1 Buchholz"]
[SourceTitle "playchess.com"]
[Source "ChessBase"]
[SourceQuality "1"]

1. e4 c6 2. Nf3 d5 3. d3 Bg4 4. Be2 e6 5. O-O Nf6 6. Nbd2 a5 7. a4 Be7 8. b3
O-O 9. Bb2 Na6 10. Re1 Bb4 11. c3 Be7 12. Qc2 Rc8 13. Rad1 Qb6 14. h3 Bh5 15.
g4 Bg6 16. Ne5 Rfd8 17. Nxg6 hxg6 18. Kg2 dxe4 19. dxe4 g5 20. Nc4 Qc7 21. Bc1
Nd7 22. Be3 Nac5 23. Rd2 Nf8 24. Red1 Rxd2 25. Rxd2 Ng6 26. Qd1 Bf6 27. Bxc5
Bxc3 28. Bd6 Qd8 29. Rd3 Qf6 30. Kg1 Bb4 31. Rf3 Nf4 32. Bxf4 gxf4 33. e5 Qh4
34. Qd4 Rd8 35. Qxf4 Rd7 36. Kg2 Qh7 37. Nd6 Qc2 38. Bc4 Bxd6 39. exd6 Qd1 40.
g5 g6 41. Bxe6 fxe6 42. Qf8+ Kh7 43. Qh6+ 1-0

[Event "FIDE Open World Blitz 2021"]
[Site "Warsaw"]
[Date "2021.12.29"]
[Round "9.13"]
[White "Mamedov, Rauf"]
[Black "Dvirnyy, Danyyil"]
[Result "1/2-1/2"]
[WhiteElo "2673"]
[BlackElo "2493"]
[Annotator "ChessBase"]
[PlyCount "120"]
[EventDate "2021.12.29"]
[EventType "swiss"]
[EventCountry "POL"]
[Tiebreak "Cut1 Buchholz"]
[SourceTitle "playchess.com"]
[Source "ChessBase"]
[SourceQuality "1"]

1. e4 c6 2. d4 d5 3. Nd2 dxe4 4. Nxe4 Bf5 5. Ng3 Bg6 6. Nf3 Nd7 7. h4 h6 8. Bf4
Qa5+ 9. c3 Ngf6 10. Bd3 Bxd3 11. Qxd3 e6 12. O-O Be7 13. Rfe1 O-O 14. Nf5 Rfe8
15. Nxe7+ Rxe7 16. Ne5 Rd8 17. Qf3 Qd5 18. Qe2 Ree8 19. Rad1 Qxa2 20. Ra1 Qb3
21. Ra3 Qd5 22. Rxa7 c5 23. dxc5 Nxc5 24. Ra5 b6 25. Rb5 Qe4 26. Qxe4 Ncxe4 27.
Rxb6 Nd5 28. Rb7 Nd6 29. Rb4 Nxb4 30. cxb4 Nb5 31. Be3 Rd5 32. Nc6 f6 33. Bc5
Kf7 34. Ra1 Rc8 35. Ra6 Rc7 36. Rb6 Na7 37. Nd4 e5 38. Nf5 Nc8 39. Rb8 h5 40.
g3 g6 41. Ne3 Rd2 42. Nc4 Rd5 43. Kg2 g5 44. hxg5 fxg5 45. Kf3 Ke6 46. Ke4
Rdxc5 47. bxc5 Rxc5 48. b3 h4 49. gxh4 gxh4 50. Kf3 Ne7 51. Rb6+ Kd7 52. Kg4
Nc8 53. Rf6 Ke7 54. Rh6 Rb5 55. Rh7+ Kf6 56. Rh6+ Kg7 57. Rc6 Ne7 58. Rc7 Kf6
59. Kxh4 Rxb3 60. Ne3 Nf5+ 1/2-1/2

[Event "FIDE Open World Blitz 2021"]
[Site "Warsaw"]
[Date "2021.12.29"]
[Round "9.13"]
[White "Efimenko, Zahar"]
[Black "Gukesh D"]
[Result "0-1"]
[WhiteElo "2601"]
[BlackElo "2621"]
[Annotator "ChessBase"]
[PlyCount "68"]
[EventDate "2021.12.29"]
[EventType "swiss"]
[EventCountry "POL"]
[Tiebreak "Cut1 Buchholz"]
[SourceTitle "playchess.com"]
[Source "ChessBase"]
[SourceQuality "1"]

1. Nf3 d5 2. g3 g6 3. Bg2 Bg7 4. d4 Nf6 5. c4 c6 6. O-O O-O 7. cxd5 cxd5 8. Ne5
Nfd7 9. f4 e6 10. Nc3 Nc6 11. Be3 Nb6 12. Bf2 Bd7 13. Rc1 Rc8 14. b3 Qe7 15.
Qd2 Rfd8 16. g4 f6 17. Nf3 e5 18. dxe5 Bxg4 19. Bh4 Kh8 20. Kh1 Bf5 21. Nb5 Be4
22. Nd6 Rb8 23. Qc3 d4 24. Qd2 Bd5 25. Rfd1 Qe6 26. exf6 Bxf6 27. Bxf6+ Qxf6
28. Nb5 a6 29. Na3 Be4 30. Nc4 Nd5 31. Rf1 Qxf4 32. Ng5 Bxg2+ 33. Kxg2 Ne3+ 34.
Kh1 Qxg5 0-1

[Event "FIDE Open World Blitz 2021"]
[Site "Warsaw"]
[Date "2021.12.29"]
[Round "9.14"]
[White "Sarana, Alexey"]
[Black "Puranik, Abhimanyu"]
[Result "1/2-1/2"]
[WhiteElo "2656"]
[BlackElo "2604"]
[Annotator "ChessBase"]
[PlyCount "110"]
[EventDate "2021.12.29"]
[EventType "swiss"]
[EventCountry "POL"]
[Tiebreak "Cut1 Buchholz"]
[SourceTitle "playchess.com"]
[Source "ChessBase"]
[SourceQuality "1"]

1. d4 Nf6 2. c4 g6 3. Nc3 d5 4. cxd5 Nxd5 5. e4 Nxc3 6. bxc3 Bg7 7. Be3 c5 8.
Qd2 Qa5 9. Rc1 O-O 10. Nf3 Bg4 11. Be2 cxd4 12. cxd4 Qxd2+ 13. Nxd2 Bxe2 14.
Kxe2 f5 15. f3 fxe4 16. fxe4 Nc6 17. Nf3 e6 18. Rc4 Rad8 19. Rb1 Rd7 20. h4 h6
21. Rd1 Rfd8 22. a4 Na5 23. Rc2 Nc6 24. Rcd2 Nb4 25. Ne5 Bxe5 26. dxe5 Rxd2+
27. Rxd2 Rxd2+ 28. Kxd2 h5 29. Bxa7 Nc6 30. Be3 Nxe5 31. Kc3 Kf7 32. Bf4 Nd7
33. Bd6 e5 34. a5 Ke6 35. Bb4 Nf6 36. Kd3 Kd7 37. Bd2 Kc6 38. Bc3 Ng4 39. g3
Kb5 40. Be1 Nf6 41. Bc3 Nd7 42. Ba1 Kb4 43. Bc3+ Kb5 44. Ba1 Kb4 45. Bb2 Nc5+
46. Ke3 Nd7 47. Kd3 Kb3 48. Ba1 Kb4 49. Bc3+ Kb5 50. Ba1 Kb4 51. Ke3 Kb5 52.
Kd3 Kb4 53. Ke3 Kc4 54. Bb2 Kb3 55. Ba1 Kc2 1/2-1/2

[Event "FIDE Open World Blitz 2021"]
[Site "Warsaw"]
[Date "2021.12.29"]
[Round "9.14"]
[White "Vastrukhin, Oleg"]
[Black "Suleymanli, Aydin"]
[Result "0-1"]
[WhiteElo "2588"]
[BlackElo "2541"]
[Annotator "ChessBase"]
[PlyCount "146"]
[EventDate "2021.12.29"]
[EventType "swiss"]
[EventCountry "POL"]
[Tiebreak "Cut1 Buchholz"]
[SourceTitle "playchess.com"]
[Source "ChessBase"]
[SourceQuality "1"]

1. Nf3 d5 2. g3 Nf6 3. Bg2 c6 4. O-O Bf5 5. c4 e6 6. Qb3 Qb6 7. d4 Nbd7 8. Nc3
Be7 9. c5 Qxb3 10. axb3 a6 11. b4 O-O 12. h3 h6 13. g4 Bh7 14. Bf4 Ne4 15. e3
f6 16. Nxe4 Bxe4 17. Rfe1 Bd8 18. Nd2 Bxg2 19. Kxg2 e5 20. Bg3 e4 21. Bd6 Rf7
22. f3 f5 23. f4 Nf6 24. Kg3 h5 25. gxf5 Ne8 26. Be5 Rc8 27. Rg1 Rxf5 28. Kf2
Kh7 29. Ke2 Bf6 30. Nb3 Bd8 31. Rg2 Rf7 32. Rag1 Bh4 33. Rg6 Rd8 34. Na5 Rdd7
35. Re6 Nc7 36. Reg6 Nb5 37. R1g2 Bd8 38. Nb3 Nc7 39. Kd2 Nb5 40. Na5 Na7 41.
Ke2 Nb5 42. Rg1 Bh4 43. R6g2 Bd8 44. Ra1 Rf5 45. Rag1 Rff7 46. Rg5 Bxg5 47.
Rxg5 Kh6 48. h4 g6 49. Rg1 Kh7 50. Kd2 Na7 51. Bb8 Nc8 52. Be5 Ne7 53. Rh1 Nf5
54. Rh3 g5 55. hxg5 Kg6 56. Ke2 h4 57. Nb3 Kh5 58. Kf2 Kg6 59. Nd2 Kh5 60. Kg2
b6 61. cxb6 Rb7 62. Bc7 Rfxc7 63. bxc7 Rxc7 64. Nb3 Rb7 65. Nc5 Rxb4 66. Nd7
Rxb2+ 67. Kg1 Kg4 68. Rh2 Rb1+ 69. Kf2 Rb2+ 70. Kg1 Rxh2 71. Kxh2 Nxe3 72. g6
Nf5 73. Nf8 e3 0-1

[Event "FIDE Open World Blitz 2021"]
[Site "Warsaw"]
[Date "2021.12.29"]
[Round "9.15"]
[White "Adly, Ahmed"]
[Black "Kadric, Denis"]
[Result "1-0"]
[WhiteElo "2602"]
[BlackElo "2566"]
[Annotator "ChessBase"]
[PlyCount "77"]
[EventDate "2021.12.29"]
[EventType "swiss"]
[EventCountry "POL"]
[Tiebreak "Cut1 Buchholz"]
[SourceTitle "playchess.com"]
[Source "ChessBase"]
[SourceQuality "1"]

1. d4 d6 2. Nf3 g6 3. e4 Bg7 4. Nc3 Nf6 5. Bg5 Nc6 6. Qd2 h6 7. Bh4 O-O 8. h3
a6 9. Be2 b5 10. d5 Nb8 11. a3 Bb7 12. Bxf6 exf6 13. Nd4 Re8 14. O-O Nd7 15.
Rfe1 h5 16. Bf1 Kh7 17. Qd1 Bh6 18. Nb3 Bc8 19. Na5 Nb8 20. b4 f5 21. exf5 Rxe1
22. fxg6+ fxg6 23. Qxe1 Bg7 24. Rd1 Bf5 25. Bd3 Qg5 26. Bxf5 Qxf5 27. Rd3 Nd7
28. Nc6 Rf8 29. Ne4 Kh8 30. f3 Re8 31. Qd2 Nb6 32. Qg5 Qxg5 33. Nxg5 Re2 34.
Kf1 Rxc2 35. Re3 Bf6 36. Re8+ Kg7 37. Ne6+ Kh6 38. Ne7 h4 39. Ng8+ 1-0

[Event "FIDE Open World Blitz 2021"]
[Site "Warsaw"]
[Date "2021.12.29"]
[Round "9.15"]
[White "Alonso Rosell, Alvar"]
[Black "Bellahcene, Bilel"]
[Result "1-0"]
[WhiteElo "2580"]
[BlackElo "2528"]
[Annotator "ChessBase"]
[PlyCount "105"]
[EventDate "2021.12.29"]
[EventType "swiss"]
[EventCountry "POL"]
[Tiebreak "Cut1 Buchholz"]
[SourceTitle "playchess.com"]
[Source "ChessBase"]
[SourceQuality "1"]

1. d4 e6 2. Bf4 Nf6 3. e3 d5 4. Nf3 Bd6 5. Bxd6 Qxd6 6. c4 O-O 7. c5 Qe7 8. Nc3
Nbd7 9. Be2 c6 10. O-O e5 11. b4 a6 12. a4 Re8 13. b5 a5 14. Re1 h5 15. Rb1 e4
16. Nd2 h4 17. f3 h3 18. fxe4 hxg2 19. e5 Nxe5 20. dxe5 Qxe5 21. Rb3 Qxe3+ 22.
Kxg2 Qxc5 23. Bf3 Be6 24. Ne2 d4 25. Rd3 Bf5 26. Nb3 Qb6 27. Rxd4 cxb5 28. axb5
a4 29. Nbc1 a3 30. Qb3 a2 31. Nxa2 Be6 32. Qd3 Rxa2 33. Kh1 Bf5 34. Qc4 Qa5 35.
Rg1 Qa3 36. Rf4 Be6 37. Qd4 Kf8 38. Rxg7 Qb2 39. Qxb2 Rxb2 40. Rg2 Nd5 41. Rh4
Ne3 42. Rh8+ Ke7 43. Rxe8+ Kxe8 44. Rg8+ Ke7 45. Nd4 Rf2 46. Bxb7 Bd7 47. Bc6
Bh3 48. Rg3 Rf1+ 49. Rg1 Rf4 50. Ne2 Rb4 51. Nc3 f5 52. Re1 f4 53. Nd5+ 1-0

[Event "FIDE Open World Blitz 2021"]
[Site "Warsaw"]
[Date "2021.12.29"]
[Round "9.16"]
[White "Sanal, Vahap"]
[Black "Shevchenko, Kirill"]
[Result "1-0"]
[WhiteElo "2590"]
[BlackElo "2647"]
[Annotator "ChessBase"]
[PlyCount "205"]
[EventDate "2021.12.29"]
[EventType "swiss"]
[EventCountry "POL"]
[Tiebreak "Cut1 Buchholz"]
[SourceTitle "playchess.com"]
[Source "ChessBase"]
[SourceQuality "1"]

1. e4 e5 2. Nc3 d6 3. Nf3 Nf6 4. d4 exd4 5. Nxd4 g6 6. Be2 Bg7 7. O-O O-O 8.
Re1 Re8 9. Bc4 Nc6 10. Nxc6 bxc6 11. h3 Be6 12. Bb3 Nd7 13. Ba4 c5 14. Nd5 Bxd5
15. exd5 Rb8 16. c3 Rxe1+ 17. Qxe1 Ne5 18. Qe2 Qh4 19. f4 Bh6 20. Qf1 Rd8 21.
fxe5 Bxc1 22. Rxc1 Qxa4 23. Qf6 Qe8 24. Re1 Qf8 25. e6 fxe6 26. Qxe6+ Qf7 27.
Qxf7+ Kxf7 28. Re4 Rb8 29. b3 a6 30. Kf2 Kf6 31. Ke3 Rb5 32. Kd3 Kf7 33. Rh4 h5
34. Rf4+ Ke7 35. h4 Rb8 36. Re4+ Kf7 37. Ra4 Rb6 38. g3 Kf6 39. Rf4+ Ke7 40.
Re4+ Kf7 41. Ra4 Kf6 42. Ke4 g5 43. hxg5+ Kxg5 44. Kd3 c6 45. Ke4 cxd5+ 46.
Kxd5 Kf5 47. Rf4+ Kg5 48. Rf8 Kg4 49. Rg8+ Kf3 50. Rg5 Rb5 51. Kxd6 c4 52. Rxb5
axb5 53. bxc4 Kxg3 54. cxb5 h4 55. b6 h3 56. b7 h2 57. b8=Q h1=Q 58. Kc5+ Kf2
59. Qf4+ Ke2 60. Qe5+ Kf2 61. a4 Qa8 62. Qd4+ Ke2 63. Kb4 Qf8+ 64. Kb3 Qb8+ 65.
Kc2 Qa8 66. Qc4+ Kf2 67. Qc5+ Kg3 68. Qe5+ Kh3 69. a5 Qc6 70. Qe3+ Kh4 71. Qd4+
Kh3 72. Qd3+ Kh4 73. a6 Qa4+ 74. Kd2 Qa2+ 75. Ke3 Kg3 76. Qg6+ Kh3 77. Qh7+ Kg3
78. Qc7+ Kg4 79. Qd7+ Kg5 80. a7 Qa5 81. Qe7+ Kh5 82. Qe8+ Kg4 83. Qe4+ Kg3 84.
Qf3+ Kh2 85. a8=Q Qxc3+ 86. Ke4 Qb4+ 87. Ke5 Qe7+ 88. Kd5 Qd7+ 89. Kc5 Qe7+ 90.
Kb6 Qb4+ 91. Ka7 Qc5+ 92. Kb7 Qb5+ 93. Kc7 Qe5+ 94. Kc6 Qe6+ 95. Kc5 Qe7+ 96.
Kc4 Qe6+ 97. Qad5 Qa6+ 98. Kb4 Qb6+ 99. Kc3 Qe3+ 100. Kc4 Qc1+ 101. Qc3 Qf4+
102. Kb3 Qb8+ 103. Kc2 1-0

[Event "FIDE Open World Blitz 2021"]
[Site "Warsaw"]
[Date "2021.12.29"]
[Round "9.16"]
[White "Kolosowski, Mateusz"]
[Black "Gabuzyan, Hovhannes"]
[Result "0-1"]
[WhiteElo "2444"]
[BlackElo "2580"]
[Annotator "ChessBase"]
[PlyCount "64"]
[EventDate "2021.12.29"]
[EventType "swiss"]
[EventCountry "POL"]
[Tiebreak "Cut1 Buchholz"]
[SourceTitle "playchess.com"]
[Source "ChessBase"]
[SourceQuality "1"]

1. e4 c5 2. Nc3 Nc6 3. Bb5 Nd4 4. Bc4 a6 5. a4 e6 6. Nge2 Qc7 7. O-O b6 8. d3
Bb7 9. Bf4 Bd6 10. Bxd6 Nxe2+ 11. Qxe2 Qxd6 12. f4 Ne7 13. Kh1 f5 14. exf5 Nxf5
15. Ne4 Qe7 16. Qh5+ g6 17. Qg5 Bxe4 18. Qxe7+ Kxe7 19. dxe4 Ne3 20. Be2 Nxf1
21. Bxf1 b5 22. Kg1 Rhb8 23. b3 d5 24. exd5 exd5 25. g3 bxa4 26. Rxa4 a5 27.
Bg2 Kd6 28. Kf2 Rb4 29. Ra1 a4 30. Ke2 axb3 31. Rd1 b2 32. Bxd5 Ra1 0-1

[Event "FIDE Open World Blitz 2021"]
[Site "Warsaw"]
[Date "2021.12.29"]
[Round "9.17"]
[White "Nakamura, Hikaru"]
[Black "Michalik, Peter"]
[Result "1-0"]
[WhiteElo "2736"]
[BlackElo "2605"]
[Annotator "ChessBase"]
[PlyCount "67"]
[EventDate "2021.12.29"]
[EventType "swiss"]
[EventCountry "POL"]
[Tiebreak "Cut1 Buchholz"]
[SourceTitle "playchess.com"]
[Source "ChessBase"]
[SourceQuality "1"]

1. Nf3 Nf6 2. b3 g6 3. Bb2 Bg7 4. d4 O-O 5. e3 d5 6. c4 c5 7. dxc5 Qa5+ 8. Nbd2
dxc4 9. Bxc4 Qxc5 10. Rc1 Qb6 11. a3 Nc6 12. b4 Bf5 13. O-O a6 14. Qe2 Rad8 15.
e4 Bg4 16. Nb3 Nd7 17. Bxg7 Kxg7 18. Qb2+ e5 19. Nfd2 Nf6 20. Bd5 Nxd5 21. Nc4
Qb5 22. exd5 Qxd5 23. Ne3 Qe6 24. Nc5 Qc8 25. Nxg4 Qxg4 26. Nxb7 Nd4 27. f3 Qg5
28. Nxd8 Rxd8 29. Rce1 h5 30. Qf2 Ne6 31. Qe3 Nf4 32. Qxe5+ Qxe5 33. Rxe5 Rd2
34. Re4 1-0

[Event "FIDE Open World Blitz 2021"]
[Site "Warsaw"]
[Date "2021.12.29"]
[Round "9.17"]
[White "Dziuba, Marcin"]
[Black "Halkias, Stelios"]
[Result "0-1"]
[WhiteElo "2568"]
[BlackElo "2575"]
[Annotator "ChessBase"]
[PlyCount "88"]
[EventDate "2021.12.29"]
[EventType "swiss"]
[EventCountry "POL"]
[Tiebreak "Cut1 Buchholz"]
[SourceTitle "playchess.com"]
[Source "ChessBase"]
[SourceQuality "1"]

1. d4 Nf6 2. c4 g6 3. Nf3 Bg7 4. g3 c5 5. d5 b5 6. cxb5 a6 7. bxa6 d6 8. Nc3
Nbd7 9. Bg2 O-O 10. O-O Nb6 11. Ne1 Bxa6 12. Rb1 Bb7 13. Nc2 Ng4 14. h3 Bxc3
15. bxc3 Nf6 16. Bh6 Re8 17. Ne3 Rxa2 18. Qb3 Ra6 19. c4 Ba8 20. g4 Nbd7 21. g5
Nh5 22. Bf3 Ng7 23. Bg4 f5 24. Qb2 e5 25. dxe6 Nxe6 26. Nxf5 gxf5 27. Bxf5 Nd4
28. Bg4 Ne5 29. Bh5 Be4 30. f4 Nxc4 31. Qc1 d5 32. Rb7 Rxh6 33. gxh6 Qh4 34.
Qe1 Qxh5 35. Qg3+ Bg6 36. Qg5 Nxe2+ 37. Kh2 Qxg5 38. fxg5 Ne5 39. Rf6 d4 40.
Rg7+ Kh8 41. Rc7 d3 42. Rd6 d2 43. Kg2 Nd3 44. Re6 Nef4+ 0-1

[Event "FIDE Open World Blitz 2021"]
[Site "Warsaw"]
[Date "2021.12.29"]
[Round "9.18"]
[White "Predke, Alexandr"]
[Black "Firouzja, Alireza"]
[Result "1-0"]
[WhiteElo "2627"]
[BlackElo "2770"]
[Annotator "ChessBase"]
[PlyCount "93"]
[EventDate "2021.12.29"]
[EventType "swiss"]
[EventCountry "POL"]
[Tiebreak "Cut1 Buchholz"]
[SourceTitle "playchess.com"]
[Source "ChessBase"]
[SourceQuality "1"]

1. d4 Nf6 2. c4 e6 3. Nc3 Bb4 4. e3 O-O 5. Bd3 d5 6. cxd5 exd5 7. a3 Bd6 8. Qc2
c6 9. Nge2 Re8 10. Bd2 Na6 11. f3 c5 12. g4 c4 13. Bf5 Bxf5 14. Qxf5 Nc7 15. g5
Nh5 16. e4 g6 17. Qg4 b5 18. e5 Bf8 19. Ng3 Ng7 20. f4 Qc8 21. f5 Nxf5 22. Nxf5
Qxf5 23. Qxf5 gxf5 24. O-O a5 25. Ne2 Ne6 26. Rxf5 b4 27. a4 Rac8 28. Be3 c3
29. b3 Rc7 30. Rc1 c2 31. Kg2 Rec8 32. Bd2 Be7 33. h4 Rc6 34. Rcf1 Bf8 35. Rxf7
c1=Q 36. Bxc1 Rc2 37. R7f2 Be7 38. Kh3 Ng7 39. Kg4 Ne6 40. h5 R8c6 41. Be3 Nc7
42. Nf4 R2c3 43. Rf3 Rxb3 44. g6 Ne6 45. Nxd5 Bd8 46. Rf7 hxg6 47. hxg6 1-0

[Event "FIDE Open World Blitz 2021"]
[Site "Warsaw"]
[Date "2021.12.29"]
[Round "9.18"]
[White "Dragnev, Valentin"]
[Black "Narayanan.S.L"]
[Result "0-1"]
[WhiteElo "2396"]
[BlackElo "2570"]
[Annotator "ChessBase"]
[PlyCount "76"]
[EventDate "2021.12.29"]
[EventType "swiss"]
[EventCountry "POL"]
[Tiebreak "Cut1 Buchholz"]
[SourceTitle "playchess.com"]
[Source "ChessBase"]
[SourceQuality "1"]

1. e4 c5 2. Nf3 e6 3. d4 cxd4 4. Nxd4 Nf6 5. Nc3 Nc6 6. g3 Bb4 7. Bg2 O-O 8.
O-O d6 9. Na4 e5 10. Nf5 d5 11. c3 dxe4 12. Nh6+ gxh6 13. cxb4 Qxd1 14. Rxd1
Bg4 15. Rd6 Rfd8 16. Rxd8+ Rxd8 17. Bxh6 Nxb4 18. Nc5 Bf3 19. Nxb7 Rb8 20. Nd6
Ng4 21. Bd2 Nd3 22. Nxe4 Bxe4 23. Bxe4 Ndxf2 24. Bg2 Rxb2 25. Bc3 Rc2 26. Bb4
Nd3 27. Bd6 f5 28. Rb1 e4 29. h3 Ne3 30. Bh1 Nf2 31. Bg2 Nd3 32. Bh1 Kf7 33.
Bf4 Nxf4 34. gxf4 Nd5 35. Rb5 Ke6 36. Bg2 Nxf4 37. Bf1 e3 38. Rb4 e2 0-1

[Event "FIDE Open World Blitz 2021"]
[Site "Warsaw"]
[Date "2021.12.29"]
[Round "9.19"]
[White "Cheparinov, Ivan"]
[Black "Giri, Anish"]
[Result "1/2-1/2"]
[WhiteElo "2594"]
[BlackElo "2774"]
[Annotator "TA"]
[PlyCount "124"]
[EventDate "2021.12.29"]
[EventType "swiss"]
[EventCountry "POL"]
[Tiebreak "Cut1 Buchholz"]
[SourceTitle "playchess.com"]
[Source "ChessBase"]
[SourceQuality "1"]

1. d4 Nf6 2. c4 e6 3. Nf3 d5 4. g3 Be7 5. Bg2 O-O 6. Nc3 dxc4 7. Ne5 Nc6 8.
Bxc6 bxc6 9. Nxc6 Qe8 10. Nxe7+ Qxe7 11. Qa4 Nd5 12. Qxc4 a5 13. Be3 Rb8 14.
Nxd5 exd5 15. Qc3 Bh3 16. Rc1 a4 17. Qa3 Qxa3 18. bxa3 Rb2 19. f3 Bd7 20. Kf2
Bb5 21. Rhe1 Rxa2 22. Rxc7 Rxa3 23. Bf4 Ra2 24. g4 Re8 25. Kg3 Raxe2 26. Rxe2
Bxe2 27. Rb7 Bc4 28. Bd6 f6 29. h4 h6 30. g5 hxg5 31. hxg5 fxg5 32. Ra7 Bb3 33.
Be5 g6 34. Kg4 Re6 35. Kxg5 Kf8 36. Bf6 Bc2 37. f4 Ke8 38. Be5 Kd8 39. Ra5 Bb3
40. f5 gxf5 41. Kxf5 Rc6 42. Ra7 Kc8 43. Kf4 Bc2 44. Ke3 Bd1 45. Kd2 Bb3 46.
Kd3 Rg6 47. Kc3 Rb6 48. Bf4 Rb5 49. Bd6 Kd8 50. Bc5 Bd1 51. Kd2 Bb3 52. Kc3 Ke8
53. Re7+ Kd8 54. Ra7 Kc8 55. Bd6 Rb6 56. Bc5 Re6 57. Kb4 Kd8 58. Kb5 Ke8 59.
Kb4 Re4 60. Kb5 Re6 61. Kb4 Re4 62. Kb5 Re6 1/2-1/2

[Event "FIDE Open World Blitz 2021"]
[Site "Warsaw"]
[Date "2021.12.29"]
[Round "9.19"]
[White "Krasenkow, Michal"]
[Black "Nguyen, Thai Dai Van"]
[Result "1/2-1/2"]
[WhiteElo "2576"]
[BlackElo "2594"]
[Annotator "ChessBase"]
[PlyCount "95"]
[EventDate "2021.12.29"]
[EventType "swiss"]
[EventCountry "POL"]
[Tiebreak "Cut1 Buchholz"]
[SourceTitle "playchess.com"]
[Source "ChessBase"]
[SourceQuality "1"]

1. Nf3 Nf6 2. c4 e6 3. Nc3 d5 4. d4 Be7 5. Qc2 O-O 6. cxd5 exd5 7. Bg5 h6 8.
Bh4 c6 9. e3 Re8 10. Bd3 Nbd7 11. O-O Nh5 12. Bxe7 Qxe7 13. Rab1 a5 14. a3 Nhf6
15. b4 axb4 16. axb4 b5 17. Rfe1 Bb7 18. e4 dxe4 19. Nxe4 Nxe4 20. Bxe4 Qd6 21.
Bh7+ Kf8 22. Rxe8+ Rxe8 23. Bf5 Nb6 24. Qc5 Qxc5 25. bxc5 Nd5 26. Ne5 f6 27.
Ng6+ Kf7 28. Ra1 Bc8 29. Ra7+ Kg8 30. g4 Bxf5 31. gxf5 Rb8 32. Ne7+ Nxe7 33.
Rxe7 b4 34. Re2 b3 35. Rb2 Rb4 36. Kg2 Rxd4 37. Rxb3 Rd5 38. Rb8+ Kh7 39. Rc8
Rxc5 40. Kg3 h5 41. h4 Rc3+ 42. f3 Rc5 43. Kg2 Rc4 44. Kg3 g6 45. Rc7+ Kh6 46.
Rf7 Rc5 47. Rxf6 Rxf5 48. Rxc6 1/2-1/2

[Event "FIDE Open World Blitz 2021"]
[Site "Warsaw"]
[Date "2021.12.29"]
[Round "9.20"]
[White "Kovalev, Vladislav"]
[Black "Zilka, Stepan"]
[Result "0-1"]
[WhiteElo "2634"]
[BlackElo "2593"]
[Annotator "ChessBase"]
[PlyCount "126"]
[EventDate "2021.12.29"]
[EventType "swiss"]
[EventCountry "POL"]
[Tiebreak "Cut1 Buchholz"]
[SourceTitle "playchess.com"]
[Source "ChessBase"]
[SourceQuality "1"]

1. e4 e5 2. Nf3 Nc6 3. Bb5 Nf6 4. O-O Nxe4 5. Re1 Nd6 6. Nxe5 Be7 7. Bf1 Nf5 8.
Nf3 Ncd4 9. Nxd4 Nxd4 10. c3 Ne6 11. d4 d5 12. Nd2 O-O 13. Nf3 Re8 14. Bd3 c6
15. Ne5 Nf8 16. Qh5 Be6 17. Bd2 f6 18. Nf3 Bf7 19. Qh3 Bg6 20. Nh4 Bxd3 21.
Qxd3 Qd7 22. Nf5 Bd6 23. h4 Bc7 24. h5 Rxe1+ 25. Rxe1 Re8 26. Qf3 Rxe1+ 27.
Bxe1 g6 28. Nh6+ Kg7 29. Ng4 Qf5 30. Qxf5 gxf5 31. Ne3 Kh6 32. Nxf5+ Kxh5 33.
Bd2 Ne6 34. g3 Kg4 35. Nh4 f5 36. Kg2 f4 37. f3+ Kh5 38. Nf5 fxg3 39. Nxg3+
Bxg3 40. Kxg3 Kg6 41. Be3 Kf5 42. Kh4 Nf4 43. Kg3 Nd3 44. b3 b5 45. Bd2 a5 46.
Be3 a4 47. bxa4 bxa4 48. Bd2 Nb2 49. Bc1 Nc4 50. Bh6 Na3 51. Bd2 Nb1 52. Be1 h6
53. Kf2 Kf4 54. Ke2 h5 55. Kd1 Kxf3 56. c4 Na3 57. cxd5 cxd5 58. Kd2 Nb5 59.
Kd3 Kg4 60. Ke3 h4 61. Bxh4 Kxh4 62. Kf4 a3 63. Ke5 Nc3 0-1

[Event "FIDE Open World Blitz 2021"]
[Site "Warsaw"]
[Date "2021.12.29"]
[Round "9.20"]
[White "Sjugirov, Sanan"]
[Black "Niemann, Hans Moke"]
[Result "0-1"]
[WhiteElo "2589"]
[BlackElo "2635"]
[Annotator "ChessBase"]
[PlyCount "108"]
[EventDate "2021.12.29"]
[EventType "swiss"]
[EventCountry "POL"]
[Tiebreak "Cut1 Buchholz"]
[SourceTitle "playchess.com"]
[Source "ChessBase"]
[SourceQuality "1"]

1. e4 c5 2. Nf3 Nc6 3. Bb5 e6 4. O-O Nge7 5. Re1 a6 6. Bf1 d5 7. d3 g6 8. exd5
Nxd5 9. Bg5 f6 10. Bh4 Bg7 11. Nc3 O-O 12. d4 g5 13. Bg3 g4 14. Nh4 f5 15. dxc5
Nxc3 16. bxc3 Qxd1 17. Raxd1 f4 18. Bc4 fxg3 19. hxg3 Na5 20. Bxe6+ Bxe6 21.
Rxe6 Rae8 22. Rxe8 Rxe8 23. Nf5 Bxc3 24. Rd7 Re1+ 25. Kh2 Re6 26. Ne7+ Kf8 27.
Nd5 Bd4 28. Rxh7 Bxf2 29. Nf4 Re1 30. Nd3 Bg1+ 31. Kh1 Ra1 32. Rh4 Bxc5+ 33.
Kh2 Bg1+ 34. Kh1 Ba7+ 35. Kh2 Rxa2 36. Rxg4 Rxc2 37. Rf4+ Kg7 38. Rg4+ Kf6 39.
Rf4+ Ke7 40. Re4+ Kd6 41. Nf4 Nc6 42. g4 Bd4 43. Kh3 Be5 44. Ng6 b5 45. g5 a5
46. Nh4 a4 47. g6 a3 48. Nf5+ Kd5 49. Rxe5+ Nxe5 50. Ne3+ Ke6 51. Nxc2 a2 52.
g7 Kf7 53. Kg3 Nd3 54. Kf3 Ne1+ 0-1